LEADER 01450nam a2200253 u 4500 001 000000106437 003 CaOOAMICUS 005 20070724094320.0 008 070723s1980 gw u000 u eng u 020 $a3-16-143511-7 040 $aPUL$bita$dLDB 100 1 $aStadelmann, Helge.$0(OLS)http://pul/name/65368 245 10$aBen Sira als Schriftgelehrter :$bEine Untersuchung zum Berufsbild des vor-makkabäischen Sofer unter Berücksichtigung seines Verhältnisses zu Priester-, Propheten- und Weisheitslehrertum /$cHelge Stadelmann. 260 $aTübingen :$bMohr,$cc1980. 300 $axiv, 346 p. ;$c23 cm 490 1 $aWissenschaftliche Untersuchungen zum Neuen Testament.$aReihe 2 504 $aBibliografia : p. 311-322. 630 04$aBiblia.$pV.T.$pProphetae$xCritica e interpretazione.$0(OLS)http://pul/subject/28065 830 0$aWissenschaftliche Untersuchungen zum Neuen Testament.$nReihe 2.$0(OLS)http://pul/title/264 850 $aPUL 852 $aPUL$W1$xSL Religione 1$y3$m16 I 6$j119987$qStampati$B119509$CPULBib$Z2$F119509 $H89547 $82 996 $6020$a3-16-143511-7$9(OLS)http://pul/number/135280 996 $6245$aBen Sira als Schriftgelehrter :$bEine Untersuchung zum Berufsbild des vor-makkabäischen Sofer unter Berücksichtigung seines Verhältnisses zu Priester-, Propheten- und Weisheitslehrertum$9(OLS)http://pul/title/134044 996 $6260$aTübingen :$bMohr$9(OLS)http://pul/publisher/48065 LEADER 01436nam a2200289 a 4500 001 000000161126 003 CaOOAMICUS 005 20170605183837.0 008 170605s1975 sp m 001 u spa r 032 $aLibriCat 040 $aPUL$bita 100 1 $aEscudero Freire, Carlos.$0(OLS)http://pul/name/103163 245 10$aAlcance cristolögico y traducción de Lc. 1,35 : $baportación al estudio de los títulos Santo e Hijo de Dios en la obra lucana /$cCarlos Escudero Freire. 260 $aSevilla :$bCentro de estudios teologicos,$c1975. 300 $a98 p. ;$c25 cm. 502 $aEstratto di Tesi-- Pontificia Università Gregoriana. Facultas Theologiae.1974. 504 $aBibliografia in nota a piè pagina. 650 04$aCristologia.$0(OLS)http://pul/subject/1402 710 2 $aPontificia Università Gregoriana.$bFacoltà di teologia.$kTesi.$0(OLS)http://pul/name/81592 850 $aPUL 852 $aPUL$W1$xDP1 Tesi Pon. Univ. Gregoriana$y40$mTH PUG 2507$j185078$qTesi$B188274$CPULBib$Z2$F188274 $H43771 $82 941 1 $a16 960 $aIesus Christus$91402 960 $aIesus Christus$91402 996 $6245$aAlcance cristolögico y traducción de Lc. 1,35 : $baportación al estudio de los títulos Santo e Hijo de Dios en la obra lucana$9(OLS)http://pul/title/200843 996 $6260$aSevilla :$bCentro de estudios teologicos$9(OLS)http://pul/publisher/72064